All 7 Continents - Statistics

General Stats
  • This quiz has been taken 86 times
  • The average score is 7 of 7
Answer Stats
Continent % Correct
Asia
100%
Europe
98%
North America
95%
South America
95%
Oceania
93%
Africa
91%
Antarctica
89%
No matching quizzes found
Score Distribution
Percent of People with Each Score
Percentile by Number Answered
Your Score History
You have not taken this quiz